[Event "Contrecoeur-A"]
[Site "Contrecoeur CAN"]
[Date "2018.11.03"]
[Round "2.4"]
[White "Lopez Linares, Lizandro"]
[Black "Turcotte, Jonathan"]
[Result "1/2-1/2"]
[WhiteElo "2268"]
[BlackElo "2053"]
[PlyCount "158"]
[EventDate "2018.11.02"]
[EventType "swiss"]
[EventRounds "5"]
[EventCountry "CAN"]

1. d4 d5 2. Nf3 Nf6 3. c4 c6 4. Nc3 e6 5. Bg5 h6 6. Bxf6 Qxf6 7. e3 Nd7 8. Rc1
Qd8 9. Qc2 Be7 10. a3 O-O 11. e4 dxe4 12. Nxe4 b6 13. Bd3 Bb7 14. O-O c5 15.
Rfd1 Qc7 16. Qe2 Nf6 17. dxc5 bxc5 18. Nc3 a6 19. Ne5 Bd6 20. f4 Rad8 21. Rf1
Nd7 22. Rce1 Nxe5 23. fxe5 Be7 24. Rf2 Rd7 25. Bb1 Bg5 26. Qh5 Rd4 27. Kh1 Rh4
28. Qe2 Rd8 29. Qc2 g6 30. Kg1 Rhd4 31. Ree2 Bf4 32. Rxf4 Rxf4 33. Qc1 Rdd4 34.
b3 Kg7 35. h3 Qd8 36. Kh2 Qg5 37. Qe3 Rh4 38. Qf2 Qc1 39. Qf6+ Kg8 40. Bxg6
Qf4+ 41. Qxf4 Rhxf4 42. Bc2 Bc6 43. Kg1 Rd8 44. Be4 Bxe4 45. Nxe4 Rc8 46. Re3
Rc6 47. g3 Rf5 48. Nd6 Rg5 49. h4 Rg6 50. Ne4 Kf8 51. Kf2 Ke7 52. Nf6 a5 53.
Kf3 a4 54. bxa4 Ra6 55. Ne4 Rxa4 56. Rc3 Rg8 57. Nxc5 Ra5 58. Nb7 Rxe5 59. c5
Ra8 60. c6 Rf5+ 61. Kg2 Rb5 62. g4 Rb6 63. Kf3 Rc8 64. Na5 Ra6 65. Rc5 Kd6 66.
Rh5 Rca8 67. Nc4+ Kxc6 68. Rxh6 Kd5 69. Ne3+ Kd4 70. Rf6 Rxa3 71. Rf4+ Kd3 72.
Rxf7 Kd2 73. Rd7+ Rd3 74. Rxd3+ Kxd3 75. Kf4 Rf8+ 76. Nf5 exf5 77. g5 Rh8 78.
Kxf5 Rxh4 79. g6 Rh1 1/2-1/2

[Event "Contrecoeur-A"]
[Site "Contrecoeur CAN"]
[Date "2018.11.03"]
[Round "2.5"]
[White "Tanaka, Tyler"]
[Black "Richard, Leo"]
[Result "0-1"]
[WhiteElo "2156"]
[BlackElo "1894"]
[PlyCount "132"]
[EventDate "2018.11.02"]
[EventType "swiss"]
[EventRounds "5"]
[EventCountry "CAN"]

1. e4 c6 2. Nc3 d5 3. Nf3 dxe4 4. Nxe4 Nf6 5. Qe2 Nxe4 6. Qxe4 Nd7 7. Bc4 Nf6
8. Ne5 e6 9. Qe2 Bd6 10. d4 Qc7 11. O-O O-O 12. Re1 c5 13. dxc5 Qxc5 14. Bb3 b6
15. Qf3 Bxe5 16. Qxa8 Bxh2+ 17. Kxh2 Ng4+ 18. Kh3 Qxf2 19. Bg5 Qf5 20. Be7 Re8
21. Bh4 e5 22. Rf1 Ne3+ 23. Kh2 Nxf1+ 24. Kg1 Qf4 25. Rxf1 Qxf1+ 26. Kh2 e4 27.
Qc6 Qf4+ 28. Kg1 Qe5 29. Ba4 Rf8 30. Qc4 Qc5+ 31. Qxc5 bxc5 32. Be7 Be6 33.
Bxf8 Kxf8 34. a3 a5 35. Kf2 Ke7 36. Ke3 f5 37. g4 g6 38. gxf5 gxf5 39. Kf4 h5
40. Bb5 c4 41. b3 Kd6 42. b4 axb4 43. axb4 Bf7 44. c3 h4 45. Ba4 Bh5 46. Bb5
Kd5 47. Bd7 Bg4 48. Be8 h3 49. Bf7+ Kd6 50. Kg3 e3 51. Bxc4 e2 52. Bxe2 Bxe2
53. Kxh3 Ke5 54. Kg3 Ke4 55. Kf2 Bc4 56. Ke1 Kf3 57. Kd2 f4 58. Kc2 Ke2 59. Kb2
f3 60. Ka3 f2 61. b5 Bxb5 62. c4 Bxc4 63. Kb2 f1=Q 64. Kc2 Qf3 65. Kb1 Qa3 66.
Kc2 Bd3# 0-1

[Event "Contrecoeur-A"]
[Site "Contrecoeur CAN"]
[Date "2018.11.03"]
[Round "2.6"]
[White "Falardeau, Bruno"]
[Black "Durette, Francis"]
[Result "1-0"]
[WhiteElo "2050"]
[BlackElo "2142"]
[PlyCount "111"]
[EventDate "2018.11.02"]
[EventType "swiss"]
[EventRounds "5"]
[EventCountry "CAN"]

1. e4 d6 2. Nc3 g6 3. f4 Bg7 4. Nf3 Nf6 5. d4 O-O 6. Be3 c6 7. Bd3 b5 8. O-O
Ng4 9. Qd2 Qb6 10. e5 Bh6 11. Ne4 Nxe3 12. Qxe3 dxe5 13. Nxe5 f6 14. Nf3 e5 15.
Qf2 Bxf4 16. Nc5 Na6 17. Nxa6 Bxa6 18. Rae1 exd4 19. Qxd4 Bd6 20. Kh1 Bc5 21.
Qh4 Qc7 22. Re6 Kg7 23. Qe4 Bb7 24. Nh4 Qf7 25. b4 Rae8 26. Nf5+ Kh8 27. Rxe8
Rxe8 28. Nh6 Qf8 29. Qh4 Be7 30. Ng4 Qg7 31. Qe1 f5 32. Nf2 Qf8 33. Qc3+ Bf6
34. Qb3 Qg8 35. c4 a6 36. Qc2 Qg7 37. a4 bxa4 38. Qxa4 Qd7 39. Rd1 Qd4 40. Qc2
Qe3 41. Bf1 c5 42. bxc5 Qxc5 43. Nd3 Qd4 44. Nb4 Qe3 45. Nd5 Bxd5 46. cxd5 Qb6
47. Qc6 Qxc6 48. dxc6 a5 49. c7 Rc8 50. Rd7 Re8 51. g3 a4 52. Ba6 a3 53. Rd2
Bb2 54. Rd8 a2 55. Rxe8+ Kg7 56. Re1 1-0

[Event "Contrecoeur-A"]
[Site "Contrecoeur CAN"]
[Date "2018.11.03"]
[Round "3.2"]
[White "Richard, Leo"]
[Black "Marcone, Malcom"]
[Result "1-0"]
[WhiteElo "1894"]
[BlackElo "1999"]
[PlyCount "71"]
[EventDate "2018.11.02"]
[EventType "swiss"]
[EventRounds "5"]
[EventCountry "CAN"]

1. e4 e6 2. d4 d5 3. Nd2 Nc6 4. Ngf3 Nf6 5. e5 Nd7 6. c3 f6 7. exf6 Qxf6 8. Bd3
Bd6 9. O-O O-O 10. Qe2 e5 11. dxe5 Ndxe5 12. Nxe5 Nxe5 13. Bc2 Qh4 14. g3 Qh3
15. f4 Bc5+ 16. Kh1 Ng4 17. Nf3 Bd7 18. Ng5 Qh5 19. Bxh7+ Kh8 20. Bd3 Rae8 21.
Qc2 Qxg5 22. fxg5 Rxf1+ 23. Bxf1 Nf2+ 24. Kg2 Bh3+ 25. Kf3 Bg4+ 26. Kg2 Bh3+
27. Kg1 Re1 28. Qe2 Ng4+ 29. Be3 Rxe2 30. Bxc5 Bxf1 31. Rxf1 Kh7 32. Bd4 Kg6
33. h4 b6 34. Rf4 Ne5 35. Kf1 Rxb2 36. Bxe5 1-0

[Event "Contrecoeur-A"]
[Site "Contrecoeur CAN"]
[Date "2018.11.03"]
[Round "3.4"]
[White "Turcotte, Jonathan"]
[Black "Falardeau, Bruno"]
[Result "0-1"]
[WhiteElo "2053"]
[BlackElo "2050"]
[PlyCount "66"]
[EventDate "2018.11.02"]
[EventType "swiss"]
[EventRounds "5"]
[EventCountry "CAN"]

1. d4 d5 2. c4 Nc6 3. Nc3 Nf6 4. Bg5 dxc4 5. e3 e5 6. d5 Nb4 7. Bxc4 Be7 8.
Bxf6 gxf6 9. a3 Na6 10. Bb5+ Bd7 11. Bxd7+ Qxd7 12. Nge2 h5 13. h4 O-O-O 14.
Ng3 Rdg8 15. Qf3 Rg4 16. O-O-O Nc5 17. Qf5 e4 18. Kc2 Bd6 19. Qxd7+ Kxd7 20.
Nce2 f5 21. Rhg1 f4 22. exf4 Bxf4 23. b4 Bxg3 24. Nxg3 Na4 25. Nf5 Rf4 26. Ng3
Rxf2+ 27. Rd2 Rxd2+ 28. Kxd2 Kd6 29. Nxe4+ Kxd5 30. Ke3 Nb6 31. Kd3 f5 32. Ng5
Nc4 33. Rc1 b5 0-1

[Event "Contrecoeur-A"]
[Site "Contrecoeur CAN"]
[Date "2018.11.03"]
[Round "3.5"]
[White "Tanaka, Tyler"]
[Black "Lopez Linares, Lizandro"]
[Result "1-0"]
[WhiteElo "2156"]
[BlackElo "2268"]
[PlyCount "63"]
[EventDate "2018.11.02"]
[EventType "swiss"]
[EventRounds "5"]
[EventCountry "CAN"]

1. e4 d5 2. exd5 Qxd5 3. Nc3 Qa5 4. d4 c6 5. Bc4 Nf6 6. Bd2 Bf5 7. Nf3 e6 8.
Nd5 Qd8 9. Nxf6+ gxf6 10. Bb3 Nd7 11. Qe2 Be7 12. Nh4 Bg6 13. Nxg6 hxg6 14.
O-O-O Qc7 15. h3 O-O-O 16. Rhe1 Rh5 17. c4 Bd6 18. Kb1 c5 19. Bc3 cxd4 20. Bxd4
Bb4 21. Rf1 Bc5 22. Bc3 Qc6 23. f3 Rh4 24. Bc2 Be7 25. Qf2 Rxc4 26. Qxa7 Bd6
27. Be4 Rxe4 28. fxe4 Qxe4+ 29. Ka1 Bc7 30. Qa8+ Nb8 31. Rxd8+ Bxd8 32. Rc1 1-0

[Event "Contrecoeur-A"]
[Site "Contrecoeur CAN"]
[Date "2018.11.03"]
[Round "3.6"]
[White "Gauthier, Denis"]
[Black "Zheng, Richard"]
[Result "1/2-1/2"]
[WhiteElo "1857"]
[BlackElo "2020"]
[PlyCount "86"]
[EventDate "2018.11.02"]
[EventType "swiss"]
[EventRounds "5"]
[EventCountry "CAN"]

1. d4 f5 2. Nc3 d5 3. Bf4 e6 4. e3 Bd6 5. Nh3 Nf6 6. Be2 O-O 7. O-O b6 8. Nb5
Bxf4 9. Nxf4 c6 10. Na3 Ne4 11. c4 Rf6 12. f3 Nd6 13. Rc1 Rh6 14. Qe1 Bd7 15.
Qg3 Nf7 16. Rfd1 g5 17. Nd3 Be8 18. Ne5 Nxe5 19. Qxe5 Nd7 20. Qd6 Nf8 21. Qxd8
Rxd8 22. Nc2 Rg6 23. Nb4 a5 24. Nd3 Rg7 25. cxd5 cxd5 26. Ne5 Ng6 27. Nxg6 hxg6
28. Rc3 Rb7 29. Rdc1 Kf8 30. Kf2 Ke7 31. Rh1 Bd7 32. f4 g4 33. Rhc1 Be8 34. Kg3
Kf6 35. h3 gxh3 36. Kxh3 Rh7+ 37. Kg3 g5 38. Rc8 gxf4+ 39. exf4 Rhd7 40. Rxd8
Rxd8 41. Rc7 Rd6 42. Kf2 Rc6 43. Rxc6 Bxc6 1/2-1/2

[Event "Contrecoeur-A"]
[Site "Contrecoeur CAN"]
[Date "2018.11.04"]
[Round "4.4"]
[White "Huang, Qiuyu"]
[Black "Durette, Francis"]
[Result "1-0"]
[WhiteElo "2247"]
[BlackElo "2142"]
[PlyCount "71"]
[EventDate "2018.11.02"]
[EventType "swiss"]
[EventRounds "5"]
[EventCountry "CAN"]

1. e4 b6 2. Nc3 Bb7 3. d4 e6 4. Bd3 Nf6 5. Qe2 c5 6. d5 exd5 7. Nxd5 Nxd5 8.
exd5+ Qe7 9. c4 g6 10. Bg5 Qxe2+ 11. Nxe2 Bg7 12. Nc3 O-O 13. Kd2 Na6 14. Rae1
Rfe8 15. Bf4 f5 16. a3 Kf7 17. Nb5 Bf8 18. h4 h6 19. Rxe8 Rxe8 20. Nd6+ Bxd6
21. Bxd6 h5 22. Re1 Rxe1 23. Kxe1 Ke8 24. Ke2 Kd8 25. Ke3 Nc7 26. Bxc7+ Kxc7
27. Kf4 Kd6 28. Kg5 b5 29. Kxg6 bxc4 30. Bxf5 Bxd5 31. g4 hxg4 32. h5 Ke5 33.
h6 Bg8 34. Bxd7 Bd5 35. Bf5 Bg8 36. Bxg4 1-0

[Event "Contrecoeur-A"]
[Site "Contrecoeur CAN"]
[Date "2018.11.04"]
[Round "4.5"]
[White "Zheng, Richard"]
[Black "Turcotte, Jonathan"]
[Result "1/2-1/2"]
[WhiteElo "2020"]
[BlackElo "2053"]
[PlyCount "73"]
[EventDate "2018.11.02"]
[EventType "swiss"]
[EventRounds "5"]
[EventCountry "CAN"]

1. d4 d5 2. e3 Nf6 3. Bd3 Bg4 4. f3 Bh5 5. Ne2 Bg6 6. Ng3 c5 7. c3 e6 8. O-O
Nc6 9. f4 Bxd3 10. Qxd3 Qc7 11. Nd2 Bd6 12. Ne2 O-O 13. Nf3 Ne4 14. Ng3 f5 15.
Ne5 g5 16. Qe2 gxf4 17. exf4 cxd4 18. Nxc6 Qxc6 19. Nxe4 dxe4 20. cxd4 Rac8 21.
Be3 Qc4 22. Qf2 Qc2 23. Qg3+ Kh8 24. d5 Rg8 25. Qh3 Bc5 26. Rf2 Qd3 27. Bxc5
Rxc5 28. Qxd3 exd3 29. dxe6 Re8 30. Rd1 Rxe6 31. Rxd3 Re1+ 32. Rf1 Re2 33. Rfd1
Rcc2 34. Rg3 Rcd2 35. Rc1 Rc2 36. Rd1 Rcd2 37. Rc1 1/2-1/2

[Event "Contrecoeur-A"]
[Site "Contrecoeur CAN"]
[Date "2018.11.04"]
[Round "5.3"]
[White "Richard, Leo"]
[Black "Gauthier, Denis"]
[Result "0-1"]
[WhiteElo "1894"]
[BlackElo "1857"]
[PlyCount "86"]
[EventDate "2018.11.02"]
[EventType "swiss"]
[EventRounds "5"]
[EventCountry "CAN"]

1. e4 d6 2. d4 Nf6 3. Nc3 g6 4. f4 Bg7 5. Nf3 O-O 6. Bd3 Na6 7. O-O c5 8. d5
Nc7 9. h3 b5 10. Nxb5 Nxb5 11. Bxb5 Nxe4 12. Re1 Rb8 13. Ba4 Nf6 14. Bb3 Bf5
15. Qe2 Re8 16. c4 e6 17. Ba4 Re7 18. g4 Be4 19. Nd2 exd5 20. g5 Nh5 21. cxd5
Ng3 22. Qg4 Bd4+ 23. Kh2 Bf2 24. Nxe4 Nxe4 25. Re2 Bd4 26. Qg2 f5 27. Be3 Bg7
28. Rae1 Qa5 29. b3 c4 30. Rd1 Nc3 31. Bd2 Rxe2 32. Qxe2 Nxe2 33. Bxa5 cxb3 34.
Bxb3 Nxf4 35. Bc7 Re8 36. Bxd6 Re2+ 37. Kg3 Nh5+ 38. Kf3 Re4 39. Bc7 Bd4 40.
d6+ Kf8 41. d7 Re3+ 42. Kg2 Re2+ 43. Kf3 Rf2# 0-1

[Event "Contrecoeur-A"]
[Site "Contrecoeur CAN"]
[Date "2018.11.04"]
[Round "5.4"]
[White "Falardeau, Bruno"]
[Black "Zheng, Richard"]
[Result "0-1"]
[WhiteElo "2050"]
[BlackElo "2020"]
[PlyCount "44"]
[EventDate "2018.11.02"]
[EventType "swiss"]
[EventRounds "5"]
[EventCountry "CAN"]

1. e4 e5 2. Nf3 Nc6 3. d4 exd4 4. Nxd4 Nf6 5. Nxc6 bxc6 6. Bd3 Bc5 7. O-O d6 8.
Bg5 h6 9. Bh4 Rb8 10. Nc3 g5 11. Bg3 h5 12. h4 Ng4 13. hxg5 Qxg5 14. Qc1 Ne3
15. e5 d5 16. Nd1 h4 17. Nxe3 hxg3 18. Re1 Rh1+ 19. Kxh1 Qh4+ 20. Kg1 gxf2+ 21.
Kf1 fxe1=Q+ 22. Qxe1 Qf4+ 0-1

[Event "Contrecoeur-A"]
[Site "Contrecoeur CAN"]
[Date "2018.11.04"]
[Round "5.5"]
[White "Turcotte, Jonathan"]
[Black "Tanaka, Tyler"]
[Result "1/2-1/2"]
[WhiteElo "2053"]
[BlackElo "2156"]
[PlyCount "57"]
[EventDate "2018.11.02"]
[EventType "swiss"]
[EventRounds "5"]
[EventCountry "CAN"]

1. d4 Nf6 2. c4 g6 3. Nc3 Bg7 4. e4 d6 5. Be2 O-O 6. Nf3 c5 7. d5 e6 8. O-O
exd5 9. cxd5 Bg4 10. Bf4 a6 11. a4 Bxf3 12. Bxf3 Qe7 13. e5 dxe5 14. d6 Qd7 15.
Bxe5 Nc6 16. Bg3 Rad8 17. a5 Nd4 18. Rb1 Nf5 19. b4 Nxg3 20. hxg3 cxb4 21. Rxb4
Qxd6 22. Qxd6 Rxd6 23. Bxb7 Rb8 24. Rfb1 Nd7 25. Ne4 Re6 26. Bd5 Rxb4 27. Rxb4
Re5 28. Bc6 Bf8 29. Ra4 1/2-1/2

[Event "Contrecoeur-B"]
[Site "Contrecoeur CAN"]
[Date "2018.11.02"]
[Round "1.1"]
[White "Demers, Alexis"]
[Black "Mok, Yuen Tak"]
[Result "1/2-1/2"]
[WhiteElo "1745"]
[BlackElo "1937"]
[PlyCount "89"]
[EventDate "2018.11.02"]
[EventType "swiss"]
[EventRounds "5"]
[EventCountry "CAN"]

1. d4 d5 2. c4 e6 3. Nf3 c6 4. e3 Bd6 5. Nbd2 Nd7 6. Bd3 f5 7. b3 Ngf6 8. Bb2
b6 9. Ne5 Bb7 10. O-O O-O 11. f4 Rc8 12. Ndf3 Ne4 13. Rc1 c5 14. Bxe4 fxe4 15.
Ng5 Qe7 16. Qh5 Nf6 17. Qh3 Rce8 18. Ng4 h6 19. Nxf6+ Qxf6 20. dxc5 Qxb2 21.
Nxe6 Bxc5 22. Nxf8 Bxf8 23. cxd5 Bc5 24. Rxc5 bxc5 25. Qd7 Kf8 26. Qxb7 Qe2 27.
Qxa7 Qxe3+ 28. Kh1 Kg8 29. Qd7 Rf8 30. Qe6+ Kh8 31. Qh3 Qe2 32. Kg1 Qd2 33. a4
Qd4+ 34. Kh1 Rxf4 35. g3 Rxf1+ 36. Qxf1 Qxd5 37. a5 e3+ 38. Kg1 Qxb3 39. a6 Qa2
40. Qf8+ Kh7 41. Qf5+ Kg8 42. Qc8+ Kh7 43. Qf5+ Kg8 44. Qc8+ Kh7 45. Qf5+
1/2-1/2

[Event "Contrecoeur-B"]
[Site "Contrecoeur CAN"]
[Date "2018.11.02"]
[Round "1.2"]
[White "Mathieu, Jeremie"]
[Black "Morin, Louis"]
[Result "1-0"]
[WhiteElo "1730"]
[BlackElo "1923"]
[PlyCount "83"]
[EventDate "2018.11.02"]
[EventType "swiss"]
[EventRounds "5"]
[EventCountry "CAN"]

1. e4 c5 2. c4 Nc6 3. Nc3 e6 4. g3 Nf6 5. Bg2 Be7 6. Nge2 d6 7. d3 a6 8. a4 Bd7
9. O-O h5 10. h3 Qc7 11. Be3 h4 12. g4 Ne5 13. f3 Bc6 14. Qd2 O-O-O 15. Bg5 d5
16. Bxf6 gxf6 17. cxd5 exd5 18. f4 dxe4 19. fxe5 Rxd3 20. Qf4 c4 21. Nxe4 fxe5
22. Qf5+ Bd7 23. Qxf7 Qb6+ 24. Kh1 Qe6 25. Rac1 Kb8 26. Qxe6 Bxe6 27. N2c3 b5
28. axb5 axb5 29. Nxb5 Rb3 30. Nec3 Rxb2 31. Rce1 Rd8 32. Rxe5 Rdd2 33. Rg1 Bf6
34. Rxe6 Bd8 35. Rc6 Bg5 36. Re6 Bd8 37. Rd6 Rxd6 38. Nxd6 Bf6 39. Nde4 Bd4 40.
Rd1 Bxc3 41. Nxc3 Rc2 42. Ne4 1-0

[Event "Contrecoeur-B"]
[Site "Contrecoeur CAN"]
[Date "2018.11.02"]
[Round "1.3"]
[White "Simard, Francis"]
[Black "Laroche, Hugo"]
[Result "1-0"]
[WhiteElo "1890"]
[BlackElo "1649"]
[PlyCount "79"]
[EventDate "2018.11.02"]
[EventType "swiss"]
[EventRounds "5"]
[EventCountry "CAN"]

1. Nf3 d5 2. c4 e6 3. g3 Nf6 4. Bg2 Be7 5. Qc2 Nbd7 6. b3 c5 7. cxd5 exd5 8. d4
b6 9. O-O O-O 10. Nc3 Bb7 11. Rd1 Rc8 12. Qf5 Ne4 13. Nxe4 dxe4 14. Ng5 g6 15.
Qg4 f5 16. Qh4 h5 17. Qf4 Bxg5 18. Qxg5 Qxg5 19. Bxg5 cxd4 20. Rxd4 Nc5 21. Rd6
Rc6 22. Rxc6 Bxc6 23. Be7 Re8 24. Bxc5 bxc5 25. Rc1 Re5 26. b4 Bb5 27. Rxc5
Rxc5 28. bxc5 Bxe2 29. Bf1 Bxf1 30. Kxf1 Kf7 31. Ke2 Ke6 32. Ke3 g5 33. Kd4 a6
34. c6 Kd6 35. c7 Kxc7 36. Ke5 Kc6 37. Kxf5 h4 38. Kxg5 hxg3 39. hxg3 Kc5 40.
Kf4 1-0

[Event "Contrecoeur-B"]
[Site "Contrecoeur CAN"]
[Date "2018.11.03"]
[Round "2.1"]
[White "Mathieu, Guillaume"]
[Black "Mathieu, Jeremie"]
[Result "1-0"]
[WhiteElo "1907"]
[BlackElo "1730"]
[PlyCount "121"]
[EventDate "2018.11.02"]
[EventType "swiss"]
[EventRounds "5"]
[EventCountry "CAN"]

1. d4 d5 2. Nf3 c6 3. g3 g6 4. Bg2 Bg7 5. O-O Nf6 6. c4 e6 7. Nc3 O-O 8. Bf4 h6
9. c5 Ne8 10. e4 g5 11. Be5 f6 12. Bxb8 Rxb8 13. exd5 exd5 14. Qd3 b6 15. cxb6
Qxb6 16. Rfe1 Nd6 17. Na4 Qb4 18. b3 Bf5 19. Qa6 Qb7 20. Qxb7 Rxb7 21. Rac1 Rc8
22. Nc5 Rf7 23. Nd2 Nb5 24. Nf3 Bf8 25. a4 Nd6 26. Nd2 Re7 27. Re3 Rxe3 28.
fxe3 Kf7 29. Rf1 Re8 30. Kf2 Kg6 31. Rc1 Rc8 32. Bf1 Rc7 33. Ba6 Bc8 34. Bd3+
f5 35. Nf3 Bg7 36. Na6 Bxa6 37. Bxa6 Kf7 38. Ne1 Ke6 39. Nd3 Ne4+ 40. Ke2 Kd6
41. Rf1 Ke6 42. Rc1 Kd6 43. b4 Bf6 44. Nc5 Nxc5 45. dxc5+ Ke6 46. b5 cxb5 47.
axb5 Be7 48. c6 Bb4 49. h4 Be7 50. Bb7 g4 51. b6 axb6 52. Ra1 Bd6 53. Kf2 b5
54. Ra8 b4 55. Ra5 Ke5 56. Rb5 Ke4 57. Ke2 h5 58. Kf2 Re7 59. Rxd5 Rxb7 60.
Rd4+ Ke5 61. cxb7 1-0

[Event "Contrecoeur-B"]
[Site "Contrecoeur CAN"]
[Date "2018.11.03"]
[Round "2.2"]
[White "Laberge, Luc"]
[Black "Simard, Francis"]
[Result "0-1"]
[WhiteElo "1449"]
[BlackElo "1890"]
[PlyCount "56"]
[EventDate "2018.11.02"]
[EventType "swiss"]
[EventRounds "5"]
[EventCountry "CAN"]

1. e4 c5 2. f4 e5 3. Nf3 exf4 4. Bc4 Nc6 5. c3 Na5 6. Be2 d5 7. exd5 Qxd5 8.
Qa4+ Nc6 9. Qxf4 Bd6 10. Qc4 Be6 11. Qxd5 Bxd5 12. O-O Nf6 13. d3 O-O 14. c4
Be6 15. a3 Rfe8 16. Nc3 a6 17. Bg5 Nd7 18. Ne4 Bc7 19. Rae1 f6 20. Bd2 b6 21.
Nh4 Nd4 22. Nf3 Nxe2+ 23. Rxe2 Bg4 24. Rfe1 Ne5 25. Re3 Bxf3 26. gxf3 Red8 27.
Nf2 Nxc4 28. Re7 Nxd2 0-1

[Event "Contrecoeur-B"]
[Site "Contrecoeur CAN"]
[Date "2018.11.03"]
[Round "2.3"]
[White "Mok, Yuen Tak"]
[Black "Yan, Alex Jikai"]
[Result "1/2-1/2"]
[WhiteElo "1937"]
[BlackElo "1616"]
[PlyCount "67"]
[EventDate "2018.11.02"]
[EventType "swiss"]
[EventRounds "5"]
[EventCountry "CAN"]

1. e4 c5 2. c3 Nf6 3. e5 Nd5 4. d4 cxd4 5. Nf3 Nc6 6. cxd4 e6 7. Bc4 Nb6 8. Bd3
h6 9. O-O d6 10. Qe2 Nb4 11. Bb5+ Bd7 12. Nc3 a6 13. Bxd7+ Qxd7 14. Rd1 d5 15.
Ne1 Rc8 16. Bf4 g5 17. Be3 Nc4 18. Rac1 Nxe3 19. fxe3 Bg7 20. a3 Nc6 21. Na4
Qd8 22. Nc5 Qe7 23. b4 O-O 24. Rc2 f6 25. exf6 Rxf6 26. Qg4 Rcf8 27. Nf3 Qf7
28. h3 h5 29. Qg3 g4 30. hxg4 hxg4 31. Ne5 Nxe5 32. dxe5 Rf1+ 33. Rxf1 Qxf1+
34. Kh2 1/2-1/2

[Event "Contrecoeur-B"]
[Site "Contrecoeur CAN"]
[Date "2018.11.03"]
[Round "2.4"]
[White "Baran, Marius"]
[Black "Demers, Alexis"]
[Result "0-1"]
[WhiteElo "1797"]
[BlackElo "1745"]
[PlyCount "64"]
[EventDate "2018.11.02"]
[EventType "swiss"]
[EventRounds "5"]
[EventCountry "CAN"]

1. e4 c5 2. d4 cxd4 3. c3 dxc3 4. Nxc3 Nc6 5. Nf3 g6 6. Bc4 Bg7 7. O-O Qc7 8.
Qe2 e6 9. Nb5 Qb8 10. Rd1 Bf8 11. e5 Nh6 12. Bf4 Nf5 13. g4 a6 14. Nc3 Nh6 15.
h3 f5 16. Qe3 fxg4 17. Ne4 gxf3 18. Nf6+ Kf7 19. Bxh6 Bxh6 20. Qxh6 Qxe5 21.
Nxd7 Bxd7 22. Rxd7+ Ke8 23. Rad1 Rd8 24. Qd2 Rxd7 25. Qxd7+ Kf8 26. Bxe6 Qg5+
27. Bg4 Ne5 28. Qc7 Nf7 29. Rd3 h5 30. Rxf3 Rh7 31. Qg3 hxg4 32. hxg4 Qc1+ 0-1

[Event "Contrecoeur-B"]
[Site "Contrecoeur CAN"]
[Date "2018.11.03"]
[Round "2.5"]
[White "Morin, Louis"]
[Black "Laroche, Hugo"]
[Result "0-1"]
[WhiteElo "1923"]
[BlackElo "1649"]
[PlyCount "98"]
[EventDate "2018.11.02"]
[EventType "swiss"]
[EventRounds "5"]
[EventCountry "CAN"]

1. e4 e5 2. Nf3 Nc6 3. Bc4 Bc5 4. Bxf7+ Kxf7 5. Nxe5+ Nxe5 6. Qh5+ Kf8 7. Qxe5
d6 8. Qg3 Nf6 9. d3 h6 10. O-O Kf7 11. Be3 Bxe3 12. Qxe3 Re8 13. Nd2 Kg8 14. f4
Bd7 15. c4 Bc6 16. Qd4 a5 17. a4 Nd7 18. b3 Nc5 19. Rae1 b6 20. Re3 Qd7 21. h3
Rf8 22. Ref3 Qe7 23. Kh2 Qf6 24. Qe3 Qc3 25. d4 Qxe3 26. Rxe3 Nd7 27. g4 Rae8
28. Kg3 g5 29. f5 Kg7 30. Rfe1 Rf7 31. Nf3 Rfe7 32. e5 dxe5 33. dxe5 Nxe5 34.
Rxe5 Rxe5 35. Nxe5 Kf6 36. Nf3 Rxe1 37. Nxe1 Be4 38. Kf2 Bb1 39. Ke3 Ba2 40.
Kd4 Bxb3 41. Nd3 Bxa4 42. Kd5 Bb3 43. Kd4 Bd1 44. Nf2 Bf3 45. Ne4+ Ke7 46. Ke5
a4 47. Nc3 a3 48. f6+ Kf7 49. Kf5 Be2 0-1

[Event "Contrecoeur-B"]
[Site "Contrecoeur CAN"]
[Date "2018.11.03"]
[Round "3.1"]
[White "Simard, Francis"]
[Black "Mathieu, Guillaume"]
[Result "1/2-1/2"]
[WhiteElo "1890"]
[BlackElo "1907"]
[PlyCount "73"]
[EventDate "2018.11.02"]
[EventType "swiss"]
[EventRounds "5"]
[EventCountry "CAN"]

1. Nf3 Nf6 2. c4 e6 3. g3 d5 4. d4 Bb4+ 5. Bd2 Be7 6. Nc3 O-O 7. cxd5 exd5 8.
Bg2 c6 9. O-O Bf5 10. Qb3 Qb6 11. Qxb6 axb6 12. Rfe1 Nbd7 13. Nh4 Bg6 14. Nxg6
hxg6 15. Bg5 Rfe8 16. Bh3 Nf8 17. a3 Ne4 18. Bxe7 Rxe7 19. Rac1 Nxc3 20. Rxc3
Rae8 21. e3 f5 22. Rd1 Ne6 23. Rdd3 Kf7 24. f4 Nc7 25. Bg2 Ke6 26. Kf2 Kd6 27.
b4 Nb5 28. Rb3 Ra8 29. Ke2 Kc7 30. Kd2 Nd6 31. Rdc3 Rae8 32. Bxd5 Nb5 33. Rc2
Nxd4 34. exd4 Re2+ 35. Kc1 Rxc2+ 36. Kxc2 cxd5 37. Rc3+ 1/2-1/2

[Event "Contrecoeur-B"]
[Site "Contrecoeur CAN"]
[Date "2018.11.03"]
[Round "3.2"]
[White "Laroche, Hugo"]
[Black "Mok, Yuen Tak"]
[Result "0-1"]
[WhiteElo "1649"]
[BlackElo "1937"]
[PlyCount "78"]
[EventDate "2018.11.02"]
[EventType "swiss"]
[EventRounds "5"]
[EventCountry "CAN"]

1. d4 d5 2. Bf4 Nf6 3. Nf3 c5 4. e3 Nc6 5. c3 Qb6 6. Qc1 Bf5 7. Nbd2 Rc8 8. Ne5
cxd4 9. Nxc6 dxc3 10. Qxc3 bxc6 11. Rc1 e6 12. a3 c5 13. Qb3 Qxb3 14. Nxb3 c4
15. Nd4 Be7 16. Nxf5 exf5 17. Be2 O-O 18. O-O Rfd8 19. Rfd1 Ne4 20. Bf3 Bf6 21.
Rc2 Kf8 22. g4 g6 23. gxf5 gxf5 24. Bg2 Ke7 25. Bh3 Ke6 26. f3 Nc5 27. e4 dxe4
28. Rxd8 Rxd8 29. fxe4 Rd1+ 30. Kg2 Nxe4 31. Re2 Kd5 32. Bxf5 Nc5 33. Bxh7 Nd3
34. Bxd3 cxd3 35. Rf2 Bd4 36. Rf1 Rxf1 37. Kxf1 Bxb2 38. a4 Bc3 39. h4 Ke4 0-1

[Event "Contrecoeur-B"]
[Site "Contrecoeur CAN"]
[Date "2018.11.03"]
[Round "3.3"]
[White "Mathieu, Jeremie"]
[Black "Laberge, Luc"]
[Result "1/2-1/2"]
[WhiteElo "1730"]
[BlackElo "1449"]
[PlyCount "92"]
[EventDate "2018.11.02"]
[EventType "swiss"]
[EventRounds "5"]
[EventCountry "CAN"]

1. e4 c6 2. d4 d5 3. e5 Bf5 4. f4 e6 5. Nc3 Nd7 6. Be3 a6 7. Be2 c5 8. g4 Bg6
9. h4 h6 10. Nf3 c4 11. Qd2 Bb4 12. a3 Ba5 13. O-O-O b5 14. h5 Bh7 15. Rdg1 b4
16. axb4 Bxb4 17. Qe1 Qa5 18. Bd2 Rb8 19. Nb1 Be4 20. Bxb4 Rxb4 21. Rh3 Ne7 22.
Nh4 Bxc2 23. Kxc2 Qb6 24. Qc1 Qxd4 25. Nc3 O-O 26. g5 hxg5 27. Rxg5 Rfb8 28.
Rhg3 Rxb2+ 29. Qxb2 Rxb2+ 30. Kxb2 Qd2+ 31. Kb1 g6 32. hxg6 fxg6 33. Nxg6 Nxg6
34. Rxg6+ Kf7 35. Rg7+ Ke8 36. Rg8+ Nf8 37. Bh5+ Kd7 38. R3g7+ Kc6 39. Rxf8
Qxc3 40. Rc8+ Kb6 41. Be8 d4 42. Rc6+ Ka5 43. Rb7 Qd3+ 44. Ka2 Qc2+ 45. Rb2
Qa4+ 46. Kb1 Qd1+ 1/2-1/2

[Event "Contrecoeur-B"]
[Site "Contrecoeur CAN"]
[Date "2018.11.03"]
[Round "3.4"]
[White "Yan, Alex Jikai"]
[Black "Duplessis, Jean-Roch"]
[Result "1/2-1/2"]
[WhiteElo "1616"]
[BlackElo "1733"]
[PlyCount "76"]
[EventDate "2018.11.02"]
[EventType "swiss"]
[EventRounds "5"]
[EventCountry "CAN"]

1. e4 c5 2. Nf3 Nc6 3. d4 cxd4 4. Nxd4 e5 5. Nb5 a6 6. Nd6+ Bxd6 7. Qxd6 Qf6 8.
Qxf6 Nxf6 9. Nc3 Nb4 10. Kd2 d5 11. exd5 Nbxd5 12. Nxd5 Nxd5 13. c4 Ne7 14. b3
Bf5 15. Kc3 O-O-O 16. Be3 Kc7 17. Be2 Nc6 18. Rad1 Rxd1 19. Rxd1 Rd8 20. Rxd8
Nxd8 21. f4 Be4 22. g3 f6 23. fxe5 fxe5 24. Bd3 Bxd3 25. Kxd3 Kd6 26. Ke4 g6
27. b4 b5 28. c5+ Ke6 29. g4 Nc6 30. a3 a5 31. Bd2 axb4 32. axb4 h5 33. g5 Ne7
34. Be1 Nd5 35. Bd2 Ne7 36. Bc3 Nd5 37. Be1 Ne7 38. Bg3 Nc6 1/2-1/2